• 首页
  • 本馆介绍
  • 公告通知
  • 最新文献
  • 馆藏检索
  • 电子资源
  • 读者导购
  • 参考咨询
  • 我的图书馆
  • 登录
  • 详细信息显示
  • 放入我的书架
  • 预约/预借图书
  • 作者相关作品
  • 分类相关作品
  • 丛书相关作品
  • 出版社相关作品

书目信息

  • 表格格式
  • 工作单格式
  • 卡片格式
题名:
新媒体编辑
    
 
作者: 詹新惠 著
分册:  
出版信息: 北京   中国人民大学出版社  2013
页数: 291页
开本: 26cm
丛书名: 新传媒时代新闻传播学系列教材
单 册:
中图分类: G210.7
科图分类:
主题词: 互联网络--hu lian wang luo--应用--新闻编辑--教材
电子资源:
ISBN: 978-7-300-17786-1
000 01665nam 2200301 450
001 012001003136
005 20131012105719.0
010    @a978-7-300-17786-1@dCNY35.00
092    @aCN@bJD9-9现采SK-529
099    @aCAL 012013112230
100    @a20130927d2013 ekmy0chiy50 ea
101 0  @achi
102    @aCN@b110000
105    @aack a 000yy
106    @ar
200 1  @a新媒体编辑@Axin mei ti bian ji@d= Editing for new media@f詹新惠著@zeng
210    @a北京@c中国人民大学出版社@d2013
215    @a291页@c图, 肖像@d26cm
225 2  @a新传媒时代新闻传播学系列教材@Axin chuan mei shi dai xin wen chuan bo xue xi lie jiao cai@i新闻学核心课程@v12
320    @a有书目 (第289-291页)
330    @a随着互联网的高速发展、网络用户群体的快速普及以及网络新技术的广泛应用,网络新闻已成为与报纸新闻、广播新闻、电视新闻一样的基础性新闻业务,网络新闻编辑也已成为新闻传播学专业学生的必修课程。本教材以网络新闻业务实践为基础,分四个单元分别介绍网络新闻编辑的双重要义、网络新闻编辑的基础业务、不同形态网络新闻编辑以及网络互动新闻编辑。四个单元涉及网络新闻编辑所有的业务,包括基本原理、全能编辑人员、网络新闻选择与价值判断、文字修改、标题制作、整合编辑、专题编辑、页面设计以及网络即时新闻、图片新闻、视频新闻、网络评论、网络论坛、博客新闻、微博新闻等。本书将理论与实践结合,注重实务性、可操作性,书中的案例分析是帮助读者深度了解新媒体写作与编辑的最好辅助材料。
410  0 @12001@a新传媒时代新闻传播学系列教材@i新闻学核心课程@v12
510 1  @aEditing for new media@zeng
606 0  @a互联网络@Ahu lian wang luo@x应用@x新闻编辑@j教材
690    @aG210.7@v5
701  0 @a詹新惠@Azhan xin hui@4著
801    @b江苏凤凰@c20191020
905    @b1232042-7@dG210.7@e771@f6
    
    新媒体编辑= Editing for new media/詹新惠著.-北京:中国人民大学出版社,2013
    291页:图, 肖像;26cm.-(新传媒时代新闻传播学系列教材.新闻学核心课程;12)
    
    
    ISBN 978-7-300-17786-1:CNY35.00
    随着互联网的高速发展、网络用户群体的快速普及以及网络新技术的广泛应用,网络新闻已成为与报纸新闻、广播新闻、电视新闻一样的基础性新闻业务,网络新闻编辑也已成为新闻传播学专业学生的必修课程。本教材以网络新闻业务实践为基础,分四个单元分别介绍网络新闻编辑的双重要义、网络新闻编辑的基础业务、不同形态网络新闻编辑以及网络互动新闻编辑。四个单元涉及网络新闻编辑所有的业务,包括基本原理、全能编辑人员、网络新闻选择与价值判断、文字修改、标题制作、整合编辑、专题编辑、页面设计以及网络即时新闻、图片新闻、视频新闻、网络评论、网络论坛、博客新闻、微博新闻等。本书将理论与实践结合,注重实务性、可操作性,书中的案例分析是帮助读者深度了解新媒体写作与编辑的最好辅助材料。
●
相关链接 在E读中查询图书 在五车中查询图书 在当当中查询图书 在豆瓣中查询图书


正题名:新媒体编辑     索取号:G210.7/771         预约/预借

序号 登录号 条形码 馆藏地/架位号 状态 备注
1 1232042   212320424   第一样本阅览室/ [索取号:G210.7/771] 在馆    
2 1232043   212320433   教育系资料室/ [索取号:G210.7/771] 在馆    
3 1232044   212320442   教育系资料室/ [索取号:G210.7/771] 在馆    
4 1232045   212320451   教育系资料室/ [索取号:G210.7/771] 在馆    
5 1232046   212320460   第四借阅区/ [索取号:G210.7/771] 在馆    
6 1232047   212320479   第四借阅区/ [索取号:G210.7/771] 在馆    
唐山师范学院图书馆 欢迎您!
大连网信软件有限公司© 版权所有